Teuerste Städte Deutschlands - Statistiken

Allgemein
  • Dieses Quiz wurde 302 mal gespielt
  • Das Durchschnittsergebnis liegt bei 7 aus 10
Antwortstatistiken
Platz Preisindex Stadt % Korrekt
1. 73,1% München
100%
4. 69,7% Berlin
98%
2. 70,4% Hamburg
98%
8. 66,1% Köln
92%
3. 70,1% Frankfurt am Main
91%
5. 68,1% Düsseldorf
86%
6. 67,0% Bonn
45%
10. 65,4% Mannheim
44%
7. 66,2% Heidelberg
41%
9. 65,6% Karlsruhe
40%
Keine übereinstimmenden Quizze gefunden
Verteilung der Resultate
Anzahl Personen mit jedem Resultat
Perzentil nach korrekt beantworteten Fragen
Ihre Resultats-Entwicklung
Sie haben dieses Quiz noch nicht gespielt